Simpsons Shopkeeper: Good or Bad? Quiz Stats

 Plays Quiz Updated Mar 4, 2018

Score 0/5 Timer 01:30
7 Plays Today
Question Answer Wrong Answers
'But you get your choice of topping!' That's good!
98.4%
That's bad!
1%
'The Frogurt is also cursed.' That's bad!
97.2%
That's good!
2.5%
'But it comes with a free Frogurt!' That's good!
95.5%
That's bad!
4.4%
'The toppings contain potassium benzoate.' That's bad!
92.6%
That's good!
6.7%
'Take this object, but beware: it carries a terrible curse.' That's bad!
87.9%
That's good!
12.1%

You're not logged in!

Compare scores with friends on all Sporcle quizzes.
OR
Log In

Sporcle TV

Today on Sporcle TV


Watch our educational content, quiz creation guides, and fun videos on Sporcle TV.

Show Comments

Extras

Top Quizzes Today


Score Distribution

Your Account Isn't Verified!

In order to create a playlist on Sporcle, you need to verify the email address you used during registration. Go to your Sporcle Settings to finish the process.

Report this User

Report this user for behavior that violates our Community Guidelines.

Details: